| 000 | 00955nam a2200181 a 4500 | ||
|---|---|---|---|
| 008 | 100608s2006 ||||||||||||||||| || u | ||
| 050 | _aUN-ESC(058) | ||
| 110 | _aUnited Nations Economic and Social Council (UNESC) | ||
| 245 | 1 | 0 | _aCommittee on economic, social and cultural rights: report on the thirty - fourth and thirty - fifth sessions (25 April -13 May 2005, 7 - 25 November 2005) |
| 260 |
_aNew York _bUNITED NATIONS _c2006 |
||
| 300 | _avii, 171p. ; ill. | ||
| 350 | _a0.00 | ||
| 500 | _aeconomic and social council.official records, 2006 | ||
| 650 | 0 | _aUNITED NATIONS, GENERAL ASSEMBLY--CHARTER OF ECONOMIC AND DUTIES OF STATES | |
| 650 | _aECONOMIC DEVELOPMENT--SOCIAL ASPECTS | ||
| 650 | _aUNITED NATIONS GENERAL ASSEMBLY--CHARTER OF ECONOMIC RIGHTS AND DUTIES OF STATES | ||
| 995 |
_D0.00 _FCBU-MAIN LIBRARY (Kitwe) _H1 _I0.00 _M1 _UAVAILABLE _WJun 8, 2010 _ZInternational Publications |
||
| 999 |
_c37825 _d37825 |
||